Nearly-optimal Tunable Predictive Controllers based on Machine Learning

Guardado en:
Detalles Bibliográficos
Autor principal: Chylý, Lukáš (Autor)
Otros Autores: Klaučo, Martin (Orientador)
Formato: Manuscrito Libro
Lenguaje:eslovaco
inglés
Publicado: 2025
Materias:
Acceso en línea:http://is.stuba.sk/zp/portal_zp.pl?podrobnosti=186855
Etiquetas: Agregar Etiqueta
Sin Etiquetas, Sea el primero en etiquetar este registro!

MARC

LEADER 00000ntm a22000003a 4500
001 stuzp105242
003 SK-STU
005 20250607211343.0
007 ta
008 150427s2015----xo-----f-mn---000-0-slo-d
040 |a STU  |b slo 
041 0 |a eng 
100 1 |a Chylý, Lukáš  |u 047220  |k Z4  |4 aut  |U FCHPT Ústav informatizácie, automatizácie a matematiky  |T FCHPT Oddelenie informatizácie a riadenia procesov  |X 104215  |U C7220  |Y 121  |7 104215 
242 0 1 |a Takmer-optimálne laditeľné prediktívne regulátory založené na strojovom učení  |y slo 
245 1 0 |a Nearly-optimal Tunable Predictive Controllers based on Machine Learning 
260 |c 2025 
650 4 |a Model Predictive Control Approximation  |2 eng 
650 4 |a Model Predictive Control  |2 eng 
650 4 |a Quadruple-Tank System  |2 eng 
650 4 |a Bayesian Optimization  |2 eng 
650 4 |a Autoencoder  |2 eng 
650 4 |a Neural Network  |2 eng 
650 4 |a Neurónová Sieť  |2 slo 
650 4 |a Systém Štyroch Nádrží  |2 slo 
650 4 |a Autoenkóder  |2 slo 
650 4 |a Aproximácia Prediktívneho Riadenia  |2 slo 
650 4 |a Bayesovska Optimalizácia  |2 slo 
650 4 |a Prediktívne Riadenie  |2 slo 
700 1 |a Klaučo, Martin  |u 047220  |k Z3  |4 ths  |U FCHPT Ústav informatizácie, automatizácie a matematiky  |T FCHPT Oddelenie informatizácie a riadenia procesov  |X 50920  |U C7220  |Y 121  |7 A0000050920 
856 4 |u http://is.stuba.sk/zp/portal_zp.pl?podrobnosti=186855